Evaluación del proceso tecnológico de producción de agua desionizada y el procedimiento para la regeneración de las resinas de intercambio iónico en una empresa agroindustrial
Gespeichert in:
| 1. Verfasser: | |
|---|---|
| Format: | Buch |
| Sprache: | Spanish |
| Veröffentlicht: |
San José, Costa Rica
2013
|
| Schlagworte: | |
| Tags: |
Tag hinzufügen
Keine Tags, Fügen Sie den ersten Tag hinzu!
|
MARC
| LEADER | 00000nam a22000007a 4500 | ||
|---|---|---|---|
| 003 | 011851 | ||
| 005 | 20221231143903.0 | ||
| 008 | 150319b2013 cr a|||| |||| 00| 0 spa d | ||
| 040 | |c cru CEDI | ||
| 090 | |a TFG 7019 | ||
| 100 | |9 597 |a Alfaro Santamaría, Kattia | ||
| 245 | |a Evaluación del proceso tecnológico de producción de agua desionizada y el procedimiento para la regeneración de las resinas de intercambio iónico en una empresa agroindustrial | ||
| 260 | |a San José, Costa Rica |c 2013 | ||
| 500 | |a Práctica dirigida (licenciatura en ingeniería química)--Universidad de Costa Rica. Facultad de Ingeniería. Escuela de Ingeniería Química | ||
| 650 | |x RESINAS DE INTERCAMBIO IONICO |x INTERCAMBIO DE IONES |x CALIDAD DEL AGUA - ANALISIS |x PURIFICACION DEL AGUA |x AGUA - PRODUCCION |x INDUSTRIAS AGROPECUARIAS |9 598 | ||
| 942 | |c TFG | ||
| 999 | |c 13765 |d 13765 | ||
